| 000 | 00996nam a2200301Ia 4500 | ||
|---|---|---|---|
| 003 | OSt | ||
| 005 | 20221007121012.0 | ||
| 006 | a|||||r|||| 00| 0 | ||
| 007 | ta | ||
| 008 | 221006b |||||||| |||| 00| 0 eng d | ||
| 020 | _a9781405151665 (pbk) | ||
| 024 | _a84746 | ||
| 037 |
_b939, 05/08/2009, Zenith Publishers & Distributors _cTextbook |
||
| 040 |
_aBDL _cBDL _beng |
||
| 041 |
_2eng _aeng |
||
| 082 | _aE92Z2:66, P8 Carb | ||
| 100 |
_aPatthy Laszlo _9505191 |
||
| 245 | 0 | _aProtein evolution | |
| 250 | _a2 | ||
| 260 |
_aMalden _bBlackwell Publishing _c2008 |
||
| 300 |
_axv, 374p. _ccm. |
||
| 500 | _aIncludes bibliographical references; Glossary 309-366p.; Index 367-374p. | ||
| 650 |
_a Evolution molecular _9710459 |
||
| 650 |
_a Protein conformation _9710460 |
||
| 650 |
_aProteins-physiology _9710461 |
||
| 942 |
_hE92Z2:66, P8 Carb _cTB _2CC |
||
| 999 |
_c1208303 _d1208303 |
||